Sarah Bernhardt (Record no. 114401)
[ view plain ]
| 000 -LEADER | |
|---|---|
| campo de control de longitud fija | 00803nam a2200241 i 4500 |
| 001 - NÚMERO DE CONTROL | |
| campo de control | 114401 |
| 003 - IDENTIFICADOR DE NÚMERO DE CONTROL | |
| campo de control | ES-MaACL |
| 005 - FECHA Y HORA DE LA ÚLTIMA TRANSACCIÓN | |
| campo de control | 20250825062721.0 |
| 007 - CAMPO FIJO DE DESCRIPCIÓN FÍSICA--INFORMACIÓN GENERAL | |
| campo de control de longitud fija | t| |
| 008 - DATOS DE LONGITUD FIJA--INFORMACIÓN GENERAL | |
| campo de control de longitud fija | 070226s1947 fr a |||| |bfre d |
| 080 ## - NÚMERO DE LA CLASIFICACIÓN DECIMAL UNIVERSAL | |
| Número de la Clasificación Decimal Universal | 929 Bernhardt, Sarah |
| 100 1# - ENTRADA PRINCIPAL--NOMBRE DE PERSONA | |
| Nombre de persona | Bernhardt, Lysiane. |
| 9 (RLIN) | 28328 |
| 245 10 - MENCIÓN DEL TÍTULO | |
| Título | Sarah Bernhardt |
| Resto del título | : ma grand'mère / |
| Mención de responsabilidad, etc. | Lysiane Bernhardt. |
| 260 ## - PUBLICACIÓN, DISTRIBUCIÓN, ETC. | |
| Lugar de publicación, distribución, etc. | Paris : |
| Nombre del editor, distribuidor, etc. | Editions du Pavois, |
| Fecha de publicación, distribución, etc. | 1947. |
| 300 ## - DESCRIPCIÓN FÍSICA | |
| Extensión | 366 p. : |
| Otras características físicas | il. ; |
| Dimensiones | 19 cm. |
| 600 14 - PUNTO DE ACCESO ADICIONAL DE MATERIA--NOMBRE DE PERSONA | |
| Nombre de persona | Bernhardt, Sarah, |
| Fechas asociadas al nombre | 1844-1923- |
| Subdivisión general | Biografías |
| 9 (RLIN) | 28330 |
| 655 #0 - TERMINO DE INDIZACIÓN--GENERO/FORMA | |
| Datos o término principal de género/forma | Biografías |
| 9 (RLIN) | 176647 |
| 852 ## - LOCALIZACIÓN | |
| Ubicación | ES-MaACL |
| Número de control de estantería | E-11609 |
| Ubicación en estantería | Depósito 2 |
| Encuadernación | Legado: Jacinto Martínez Lacalle |
| itemnumber | 118697 |
| 903 ## - NOMBRE PERSONAL DE DONANTE | |
| a | Martínez Lacalle, Jacinto |
| e | Donante |
| 9 | 139376 |
| q | 1 |
| 942 ## - ELEMENTOS DE ENTRADA SECUNDARIOS (KOHA) | |
| Fuente del sistema de clasificación o colocación | Clasificación decimal universal |
| Tipo de ítem Koha | Libro impreso |
| Estatus retirado | Estado de pérdida | Fuente del sistema de clasificación o colocación | Estado de daño | No para préstamo | Biblioteca de origen | Biblioteca actual | Ubicación en estantería | Fecha de adquisición | Fuente de adquisición | Total de préstamos | Signatura topográfica completa | Código de barras | Visto por última vez | Precio de reemplazo | Tipo de ítem Koha |
|---|---|---|---|---|---|---|---|---|---|---|---|---|---|---|---|
| Clasificación decimal universal | Biblioteca del Ateneo de Madrid | Biblioteca del Ateneo de Madrid | Depósito 2 | 17/01/2008 | Legado | E-11609 | 1119304 | 23/02/2023 | 23/02/2023 | Libro impreso |
